Katha Upanisad (Record no. 19628)
[ view plain ]
| 000 -LEADER | |
|---|---|
| fixed length control field | 00265nam a22001097a 4500 |
| 020 ## - INTERNATIONAL STANDARD BOOK NUMBER | |
| ISBN | 8185843589 |
| 082 ## - DEWEY DECIMAL CLASSIFICATION NUMBER | |
| Classification number | 294.59218 LOK |
| 100 ## - MAIN ENTRY--AUTHOR NAME | |
| Author name | Lokeswarananda |
| 245 ## - TITLE STATEMENT | |
| Title | Katha Upanisad |
| 260 ## - PUBLICATION, DISTRIBUTION, ETC. (IMPRINT) | |
| Place of publication | Culcutta |
| Name of publisher | Ramakrishna Mission Instituteof Culture |
| Year of publication | 1992 |
| 942 ## - ADDED ENTRY ELEMENTS (KOHA) | |
| Koha item type | Books |
| Home library | Current library | Date acquired | Cost, normal purchase price | Full call number | Accession Number | Koha item type |
|---|---|---|---|---|---|---|
| Henry Martyn Institute Library | Henry Martyn Institute Library | 08/10/2015 | 50.00 | 294.59218 LOK | 24899 | Books |
